000 00652nam a2200169 u 4500
001 000244664
003 AM-YeHGA
005 20250618071632.0
008 030708s1992 ai r 000 0 arm d
040 _aAM-YeHGA
100 1 _aԿուրղինյան, Հենրիկ Բաբկենի
245 1 0 _aՍոցիալական ենթակառուցվածք. էությունը և գործառնական նշանակությունը :
_b(Սոցիալ-փիլիս. վերլուծություն) /
_cՀ.Բ. Կուրղինյան.
260 _aԳյումրի :
_bԿումայրի,
_c1992.
300 _a55 էջ.
650 1 4 _aՍոցիոլոգիա
_98388
090 _c88366
999 _c87082
_d87082